<?xml version="1.0" encoding="UTF-8"?><?xml-stylesheet type="text/xsl" href="static/style.xsl"?><OAI-PMH xmlns="http://www.openarchives.org/OAI/2.0/" xmlns:xsi="http://www.w3.org/2001/XMLSchema-instance" xsi:schemaLocation="http://www.openarchives.org/OAI/2.0/ http://www.openarchives.org/OAI/2.0/OAI-PMH.xsd"><responseDate>2026-04-29T05:37:42Z</responseDate><request verb="GetRecord" identifier="oai:repisalud.isciii.es:20.500.12105/22951" metadataPrefix="marc">https://repisalud.isciii.es/rest/oai/request</request><GetRecord><record><header><identifier>oai:repisalud.isciii.es:20.500.12105/22951</identifier><datestamp>2024-11-29T07:03:06Z</datestamp><setSpec>com_20.500.12105_15322</setSpec><setSpec>com_20.500.12105_2051</setSpec><setSpec>col_20.500.12105_16967</setSpec></header><metadata><record xmlns="http://www.loc.gov/MARC21/slim" xmlns:dcterms="http://purl.org/dc/terms/" xmlns:doc="http://www.lyncode.com/xoai" xmlns:xsi="http://www.w3.org/2001/XMLSchema-instance" xsi:schemaLocation="http://www.loc.gov/MARC21/slim http://www.loc.gov/standards/marcxml/schema/MARC21slim.xsd">
   <leader>00925njm 22002777a 4500</leader>
   <datafield ind2=" " ind1=" " tag="042">
      <subfield code="a">dc</subfield>
   </datafield>
   <datafield ind2=" " ind1=" " tag="720">
      <subfield code="a">Santi-Cano, Maria Jose</subfield>
      <subfield code="e">author</subfield>
   </datafield>
   <datafield ind2=" " ind1=" " tag="720">
      <subfield code="a">Novalbos-Ruiz, Jose Pedro</subfield>
      <subfield code="e">author</subfield>
   </datafield>
   <datafield ind2=" " ind1=" " tag="720">
      <subfield code="a">Bernal-Jimenez, Maria Angeles</subfield>
      <subfield code="e">author</subfield>
   </datafield>
   <datafield ind2=" " ind1=" " tag="720">
      <subfield code="a">Bibiloni Esteva, Maria Del Mar</subfield>
      <subfield code="e">author</subfield>
   </datafield>
   <datafield ind2=" " ind1=" " tag="720">
      <subfield code="a">Tur, Josep A</subfield>
      <subfield code="e">author</subfield>
   </datafield>
   <datafield ind2=" " ind1=" " tag="720">
      <subfield code="a">Rodriguez Martin, Amelia</subfield>
      <subfield code="e">author</subfield>
   </datafield>
   <datafield ind2=" " ind1=" " tag="260">
      <subfield code="c">2020-03</subfield>
   </datafield>
   <datafield ind2=" " ind1=" " tag="520">
      <subfield code="a">Objective: Cardiorespiratory fitness (CRF) and a healthy diet may be part of an overall healthy lifestyle. The association between cardiorespiratory fitness and adherence to an overall Mediterranean Diet (MedD) pattern and specific MedD foods has been assessed. Design: Subjects completed a lifestyle survey and dietary pattern, using the validated MedD Adherence 14-item questionnaire and two self-reported 24-h dietary recalls. Participants' height, body weight, waist circumference (WC), and CRF (maximum oxygen uptake, VO2max, ml/kg/min) were measured. Setting: University of Cadiz, Spain. Subjects: A sample of young adults (n = 275, 22.2 +/- 6.3 years). Results: Mean VO2max was 43.9 mL/kg/min (SD 8.5 mL/kg/min). Most participants had healthy CRF (75.9%). The average MedD score was 6.2 points (SD 1.8 points). Participants who consumed more servings of nuts had higher VO2max. Those who showed low CRF performed less physical activity (PA) and had a higher body mass index (BMI) and WC compared with those classified as having healthy CRF. Nut consumption was positively associated with VO2max (beta = 0.320; 95% CI 2.4, 10.7; p &lt; 0.002), adjusting for sex, age, smoking PA, BMI, WC, and energy intake, showing the subjects who consumed more nuts were fitter than young adults who consumed less. Conclusions: CRF is positively associated with nut consumption but not with the overall MedD pattern and all other MedD foods in the young adults. The subjects who consumed more servings of nuts were fitter than young adults who consumed less. Moreover, fitter subjects performed more PA and had a lower BMI and WC than those who had lower fitness levels.</subfield>
   </datafield>
   <datafield ind1="8" ind2=" " tag="024">
      <subfield code="a">Santi-Cano MJ, Novalbos-Ruiz JP, Bernal-Jimenez MA, Bibiloni MM, Tur JA, Rodriguez Martin A. Association of Adherence to Specific Mediterranean Diet Components and Cardiorespiratory Fitness in Young Adults. Nutrients. 2020 Mar;12(3):776.</subfield>
   </datafield>
   <datafield ind1="8" ind2=" " tag="024">
      <subfield code="a">http://hdl.handle.net/20.500.13003/11476</subfield>
   </datafield>
   <datafield ind1="8" ind2=" " tag="024">
      <subfield code="a">https://hdl.handle.net/20.500.12105/22951</subfield>
   </datafield>
   <datafield ind1="8" ind2=" " tag="024">
      <subfield code="a">32183454</subfield>
   </datafield>
   <datafield ind1="8" ind2=" " tag="024">
      <subfield code="a">10.3390/nu12030776</subfield>
   </datafield>
   <datafield ind1="8" ind2=" " tag="024">
      <subfield code="a">2072-6643</subfield>
   </datafield>
   <datafield ind1="8" ind2=" " tag="024">
      <subfield code="a">Nutrients</subfield>
   </datafield>
   <datafield ind1="8" ind2=" " tag="024">
      <subfield code="a">2-s2.0-85081990421</subfield>
   </datafield>
   <datafield ind1="8" ind2=" " tag="024">
      <subfield code="a">531831000185</subfield>
   </datafield>
   <datafield ind1="8" ind2=" " tag="024">
      <subfield code="a">L2004027374</subfield>
   </datafield>
   <datafield tag="653" ind2=" " ind1=" ">
      <subfield code="a">Nuts</subfield>
   </datafield>
   <datafield tag="653" ind2=" " ind1=" ">
      <subfield code="a">Cardiorespiratory fitness</subfield>
   </datafield>
   <datafield tag="653" ind2=" " ind1=" ">
      <subfield code="a">Mediterranean diet adherence</subfield>
   </datafield>
   <datafield ind2="0" ind1="0" tag="245">
      <subfield code="a">Association of Adherence to Specific Mediterranean Diet Components and Cardiorespiratory Fitness in Young Adults</subfield>
   </datafield>
</record></metadata></record></GetRecord></OAI-PMH>